FINANCIAL SERVICE (Record no. 8114)
[ view plain ]
| 000 -LEADER | |
|---|---|
| fixed length control field | 00177nam a2200073Ia 4500 |
| 003 - CONTROL NUMBER IDENTIFIER | |
| control field | OSt |
| 005 - DATE AND TIME OF LATEST TRANSACTION | |
| control field | 20220720111549.0 |
| 008 - FIXED-LENGTH DATA ELEMENTS--GENERAL INFORMATION | |
| fixed length control field | 170524s9999 xx 000 0 und d |
| 040 ## - CATALOGING SOURCE | |
| Transcribing agency | IIMT UNIVERSITY |
| 100 ## - MAIN ENTRY--PERSONAL NAME | |
| Personal name | KHAN, M.Y. |
| 245 #0 - TITLE STATEMENT | |
| Title | FINANCIAL SERVICE |
| 260 ## - PUBLICATION, DISTRIBUTION, ETC. | |
| Name of publisher, distributor, etc. | TATA MCGRAW HILL |
| Place of publication, distribution, etc. | NEW DELHI |
| Date of publication, distribution, etc. | 2007 |
| 300 ## - PHYSICAL DESCRIPTION | |
| Extent | 16.88, i8 |
| 942 ## - ADDED ENTRY ELEMENTS (KOHA) | |
| Source of classification or shelving scheme | |
| Koha item type | Book Bank |
| Withdrawn status | Lost status | Source of classification or shelving scheme | Damaged status | Not for loan | Home library | Current library | Date acquired | Barcode | Date last seen | Uniform Resource Identifier | Price effective from | Koha item type | Total Checkouts | Date last checked out |
|---|---|---|---|---|---|---|---|---|---|---|---|---|---|---|
| IIMT University Central Library Meerut | IIMT University Central Library Meerut | 05/31/2017 | 01-B-86576 | 05/31/2017 | FINANCIAL MANAGEMENT | 05/31/2017 | Reference Book | |||||||
| IIMT University Central Library Meerut | IIMT University Central Library Meerut | 05/31/2017 | 01-B-86577 | 05/31/2017 | FINANCIAL MANAGEMENT | 05/31/2017 | Book Bank | |||||||
| IIMT University Central Library Meerut | IIMT University Central Library Meerut | 05/31/2017 | 01-B-86578 | 05/31/2017 | FINANCIAL MANAGEMENT | 05/31/2017 | Book Bank | |||||||
| IIMT University Central Library Meerut | IIMT University Central Library Meerut | 05/31/2017 | 01-B-86579 | 05/31/2017 | FINANCIAL MANAGEMENT | 05/31/2017 | Book Bank | |||||||
| IIMT University Central Library Meerut | IIMT University Central Library Meerut | 05/31/2017 | 01-B-86580 | 05/31/2017 | FINANCIAL MANAGEMENT | 05/31/2017 | Book Bank | |||||||
| IIMT University Central Library Meerut | IIMT University Central Library Meerut | 05/31/2017 | 01-B-86581 | 12/20/2017 | FINANCIAL MANAGEMENT | 05/31/2017 | Book Bank | 2 | 09/23/2017 | |||||
| IIMT University Central Library Meerut | IIMT University Central Library Meerut | 05/31/2017 | 01-B-86582 | 05/31/2017 | FINANCIAL MANAGEMENT | 05/31/2017 | Book Bank | |||||||
| IIMT University Central Library Meerut | IIMT University Central Library Meerut | 05/31/2017 | 01-B-86583 | 05/31/2017 | FINANCIAL MANAGEMENT | 05/31/2017 | Book Bank | |||||||
| IIMT University Central Library Meerut | IIMT University Central Library Meerut | 05/31/2017 | 01-B-86584 | 05/31/2017 | FINANCIAL MANAGEMENT | 05/31/2017 | Book Bank | |||||||
| IIMT University Central Library Meerut | IIMT University Central Library Meerut | 05/31/2017 | 01-B-86585 | 05/31/2017 | FINANCIAL MANAGEMENT | 05/31/2017 | Book Bank |

